| 000 | 00756cam a2200241 a 4500 | ||
|---|---|---|---|
| 003 | UPN | ||
| 005 | 20240511063834.0 | ||
| 008 | 191125s2019 mx a br 000 0 spa d | ||
| 020 | _a9786075511412 | ||
| 035 | _aUPN01000234280 | ||
| 040 |
_aMX-MxUPN _bspa _cMX-MxUPN |
||
| 050 | 4 |
_aLB1577 _bM65 2019 LL |
|
| 245 | 0 | 0 |
_aEspañol : _blibro de lectura : quinto grado |
| 250 | _aTercera edición | ||
| 260 |
_aMéxico : _bSEP, Dirección General de Materiales Educativos , _c2019. |
||
| 300 |
_a159 páginas : _bilustraciones a color |
||
| 500 | _a"Ciclo escolar 2019-2020". | ||
| 650 | 4 |
_aEspañol _xEstudio y enseñanza (Elemental) _92806 |
|
| 650 | 7 |
_945583 _aLibros de lectura |
|
| 905 | _aLibro | ||
| 942 |
_2lcc _cLIBRO |
||
| 999 |
_c206375 _d206375 |
||